[Event "Andalucia-ch Seniors"]
[Site "Huelva"]
[Date "2014.04.24"]
[Round "1.4"]
[White "Gonzalez Custodio, Rafael"]
[Black "Alfaro Rincon, Jose Antonio"]
[Result "1-0"]
[WhiteElo "2148"]
[BlackElo "1722"]
[PlyCount "91"]
[EventDate "2014.04.24"]
[EventType "swiss"]
[EventRounds "6"]
[EventCountry "ESP"]
[SourceTitle "EXT 2024"]
[Source "ChessBase"]
[SourceDate "2023.10.10"]
[SourceVersion "1"]
[SourceVersionDate "2023.10.10"]
[SourceQuality "1"]

1. d4 Nf6 2. Nf3 g6 3. Bg5 Bg7 4. Nbd2 d5 5. e3 Nbd7 6. Be2 c6 7. c3 Nf8 8. 0-0 Ne6 9. Bh4 h6 10. Bg3 Nh5 11. Be5 Nf6 12. Qc2 c5 13. Rfe1 0-0 14. Rad1 c4 15. b3 b5 16. bxc4 bxc4 17. Rb1 Nd7 18. Bxg7 Nxg7 19. e4 e6 20. Nf1 Nb6 21. Ne3 Bd7 22. e5 Ba4 23. Qd2 Kh7 24. Ng4 Nf5 25. h4 Kg7 26. g3 Rh8 27. Rb2 Qe7 28. Nf6 Kf8 29. Reb1 Qd8 30. Rb4 Rc8 31. Qc1 Be8 32. a4 Bxa4 33. Qa3 Kg7 34. Rxa4 Nxa4 35. Qxa4 Rb8 36. Ra1 Rb7 37. Kg2 Qb6 38. g4 Ne7 39. Ne8+ Kh7 40. Nd6 Rc7 41. Qc2 Kg7 42. Rb1 Qa6 43. Qd2 Nc8 44. Rb8 Rc6 45. Qf4 Nxd6 46. Qf6+ 1-0

[Event "Andalucia-ch Seniors 1112"]
[Site "Huelva"]
[Date "2012.04.15"]
[Round "6"]
[White "Marquez Polvillo, Bartolome"]
[Black "Alfaro Rincon, Jose Antonio"]
[Result "1-0"]
[WhiteElo "1738"]
[BlackElo "1793"]
[PlyCount "64"]
[EventDate "2012.04.12"]
[EventType "swiss"]
[EventRounds "6"]
[EventCountry "ESP"]
[SourceTitle "EXT 2013"]
[Source "ChessBase"]
[SourceDate "2012.11.22"]
[SourceVersion "1"]
[SourceVersionDate "2012.11.22"]
[SourceQuality "1"]

1. e4 e6 2. d4 d5 3. e5 c5 4. c3 Nc6 5. Nf3 Qb6 6. Bd3 Bd7 7. dxc5 Bxc5 8. 0-0 Bf8 9. b4 a6 10. a4 Nge7 11. Be3 Qc7 12. Bf4 Ng6 13. Bxg6 hxg6 14. Re1 Be7 15. Na3 Qd8 16. Nc2 g5 17. Bg3 Kf8 18. Ncd4 g4 19. Nxc6 bxc6 20. Nd4 Bh4 21. Qxg4 Bxg3 22. fxg3 Rh6 23. Rf1 Kg8 24. Nb3 Rg6 25. Qf3 Be8 26. Rad1 Qg5 27. Rfe1 Qe7 28. a5 Rc8 29. Nc5 Ra8 30. Rd4 Rg5 31. Qf2 Ra7 32. Qe2 Bd7 1-0

[Event "Andalucia-ch Seniors 1112"]
[Site "Huelva"]
[Date "2012.04.12"]
[Round "1"]
[White "Alfaro Rincon, Jose Antonio"]
[Black "Fernandez Martos Machado, Eduard"]
[Result "1/2-1/2"]
[WhiteElo "1793"]
[BlackElo "2109"]
[PlyCount "95"]
[EventDate "2012.04.12"]
[EventType "swiss"]
[EventRounds "6"]
[EventCountry "ESP"]
[SourceTitle "EXT 2013"]
[Source "ChessBase"]
[SourceDate "2012.11.22"]
[SourceVersion "1"]
[SourceVersionDate "2012.11.22"]
[SourceQuality "1"]

1. Nf3 Nf6 2. d4 d5 3. e3 Bf5 4. Bd3 Bxd3 5. Qxd3 c6 6. c4 e6 7. Nc3 Nbd7 8. c5 b6 9. cxb6 axb6 10. 0-0 Bb4 11. Bd2 0-0 12. a3 Bd6 13. Rac1 c5 14. Ne2 Ne4 15. Bc3 f5 16. Ng3 Nxc3 17. Qxc3 Qf6 18. b4 c4 19. Nh5 Qh6 20. Ng3 b5 21. Ne5 Nb6 22. f4 Bxe5 23. dxe5 g5 24. Ne2 gxf4 25. exf4 Rf7 26. Nd4 Na4 27. Qc2 Rb7 28. Rf3 Rb6 29. Rcf1 Qf8 30. Qf2 Ra7 31. Nxe6 Qc8 32. Rg3+ Kh8 33. Nc5 Nxc5 34. bxc5 Rba6 35. Qd4 Qe6 36. c6 Rxa3 37. Rxa3 Rxa3 38. Qc5 Ra8 39. Rd1 Rc8 40. Rxd5 c3 41. c7 c2 42. Rd8+ Kg7 43. Qxc2 Qb6+ 44. Kf1 Rxc7 45. Qb2 Qe3 46. e6+ Rc3 47. e7 Qxf4+ 48. Ke1 1/2-1/2